000 00322nam a22001457a 4500
008 211014b ||||| |||| 00| 0 eng d
020 _a089640126-X
041 _aeng
080 _a610
082 _a610
100 _a4
101 _aSHM
245 _aMedical Imaging A Concise Textbook
_cJacobs,E.R
942 _2udc
_cBK
999 _c58230
_d58230